Players that have Scored in Champions League Finals - Sudden Death - Statistics

General Stats
  • This quiz has been taken 56 times
  • The average score is 7 of 28
Answers on the Grid
Answers color-coded by a green-red scale on the quiz's grid according to % correct below.
Cristiano Ronaldo
Ikay Gundogan
Ousmane Dembele
Rodri
Thierry Henry
Casemiro
Roberto Carlos
Erling Haaland
Frank Lampard
Divock Origi
Mohamed Salah
Franck Ribery
Robert Lewandowski
Andres Iniesta
Thomas Muller
Wesley Sneijder
Carsten Jancker
Alvaro Morata
Isco
Ronaldinho
Sadio Mane
Khvicha Kvaratskhelia
Zinedine Zidane
Harry Kane
Marcel Desailly
Fabio Cannavaro
Lionel Messi
Sol Campbell
Xabi Alonso
Antonio Rudiger
Nani
Dennis Bergkamp
Toni Kroos
Carlos Alberto
Lucio
Paolo Maldini
Andriy Shevchenko
Kaka
David Villa
Yannick Carrasco
Pedro
Koke
Raul
Lars Ricken
Marcelo
Dwight Yorke
Timo Werner
Neymar
Diego Godin
David Alaba
Marco Reus
Steve McManaman
 
Answer Stats
Answer % Correct
Cristiano Ronaldo
94%
Lionel Messi
48%
Rodri
45%
Mohamed Salah
42%
Divock Origi
33%
Ikay Gundogan
33%
Khvicha Kvaratskhelia
33%
Neymar
33%
Zinedine Zidane
33%
Casemiro
30%
Sol Campbell
27%
Frank Lampard
24%
Paolo Maldini
24%
Sadio Mane
24%
David Villa
21%
Raul
21%
Steve McManaman
21%
Thomas Muller
21%
Xabi Alonso
21%
Pedro
18%
Alvaro Morata
15%
Marcelo
15%
Diego Godin
12%
Lucio
12%
Yannick Carrasco
12%
Lars Ricken
6%
Marcel Desailly
6%
Carlos Alberto
3%
No matching quizzes found
Score Distribution
Percent of People with Each Score
Percentile by Number Answered
Your Score History
You have not taken this quiz